[Event "4NCL Division 2a"]
[Site "Hinckley Island ENG"]
[Date "2015.01.11"]
[Round "4.99"]
[White "Gordon, Stephen J"]
[Black "Taylor, Adam C"]
[Result "1-0"]
[WhiteElo "2500"]
[BlackElo "2046"]
[PlyCount "65"]
[EventDate "2015.01.11"]

1. Nf3 Nf6 2. c4 g6 3. Nc3 Bg7 4. e4 d6 5. d4 O-O 6. Be2 c5 7. O-O Bg4 8. d5 e6
9. Bf4 exd5 10. exd5 a6 11. h3 Bxf3 12. Bxf3 Qc7 13. a4 Nbd7 14. Qc2 Rfe8 15.
g4 h6 16. Kg2 Re7 17. Rae1 Rae8 18. Rxe7 Rxe7 19. Be2 Nf8 20. Bd2 Qd8 21. f4
Qe8 22. Bf3 N8d7 23. a5 Qd8 24. Ne2 b6 25. axb6 Qxb6 26. Ng3 Nb8 27. b3 Nfd7
28. h4 Nf8 29. h5 Bd4 30. Be4 Kg7 31. hxg6 fxg6 32. f5 g5 33. f6+ 1-0

[Event "4NCL Division 2a"]
[Site "Hinckley Island ENG"]
[Date "2015.01.11"]
[Round "4.99"]
[White "Lewis, Andrew"]
[Black "Ashton, Adam G"]
[Result "0-1"]
[WhiteElo "2266"]
[BlackElo "2398"]
[PlyCount "64"]
[EventDate "2015.01.11"]

1. Nf3 d5 2. c4 e6 3. d4 c6 4. Nc3 dxc4 5. a4 Bb4 6. e3 b5 7. Bd2 a5 8. axb5
Bxc3 9. Bxc3 cxb5 10. b3 Bb7 11. bxc4 b4 12. Bb2 Nf6 13. Bd3 Nbd7 14. O-O Qc7
15. Re1 O-O 16. c5 Ne4 17. Nd2 Nxd2 18. Qxd2 Rfb8 19. e4 a4 20. d5 Qxc5 21. Qf4
e5 22. Bxe5 Nxe5 23. Qxe5 Re8 24. Qf4 b3 25. d6 b2 26. Rad1 a3 27. e5 Bd5 28.
Re3 Qc1 29. Bxh7+ Kxh7 30. Rh3+ Kg8 31. Rxc1 bxc1=Q+ 32. Qxc1 a2 0-1

[Event "4NCL Division 2a"]
[Site "Hinckley Island ENG"]
[Date "2015.01.11"]
[Round "4.99"]
[White "Horton, Andrew P"]
[Black "Player, Edmund"]
[Result "1-0"]
[WhiteElo "2151"]
[BlackElo "2240"]
[PlyCount "41"]
[EventDate "2015.01.11"]

1. Nf3 d5 2. c4 c6 3. g3 Nf6 4. Bg2 e6 5. b3 Bd6 6. Bb2 Nbd7 7. d4 O-O 8. O-O
b6 9. Nbd2 Bb7 10. Qc2 Qe7 11. e4 Nxe4 12. Nxe4 dxe4 13. Qxe4 Rfd8 14. Rad1 Nf6
15. Qc2 c5 16. d5 exd5 17. Rfe1 Qd7 18. cxd5 Qg4 19. Bxf6 gxf6 20. Re4 Qf5 21.
Re8+ 1-0

[Event "4NCL Division 2a"]
[Site "Hinckley Island ENG"]
[Date "2015.01.11"]
[Round "4.99"]
[White "Talsma, Paul"]
[Black "Bentley, John L"]
[Result "1-0"]
[WhiteElo "2186"]
[BlackElo "2238"]
[PlyCount "59"]
[EventDate "2015.01.11"]

1. d4 Nf6 2. c4 g6 3. Nc3 Bg7 4. e4 d6 5. Bg5 h6 6. Be3 Ng4 7. Bc1 c5 8. dxc5
Qa5 9. h3 Bxc3+ 10. bxc3 Ne5 11. cxd6 Be6 12. Nf3 Nbc6 13. Nxe5 Qxe5 14. Be2
Rd8 15. O-O Rxd6 16. Qc2 g5 17. Rb1 f5 18. f4 Qxe4 19. Qxe4 fxe4 20. fxg5 hxg5
21. Rxb7 Bc8 22. Rb5 g4 23. hxg4 e5 24. g5 Ba6 25. Rb3 Rh7 26. Ra3 Bb7 27. Be3
Kd7 28. c5 Rg6 29. Bg4+ Kc7 30. Bf5 1-0

[Event "4NCL Division 2a"]
[Site "Hinckley Island ENG"]
[Date "2015.01.11"]
[Round "4.99"]
[White "Lindner, Daniel"]
[Black "Walton, Alan J"]
[Result "1/2-1/2"]
[WhiteElo "2214"]
[BlackElo "2129"]
[PlyCount "31"]
[EventDate "2015.01.11"]

1. c4 e6 2. g3 f5 3. Bg2 Nf6 4. Nf3 Be7 5. O-O O-O 6. Nc3 d6 7. d3 Qe8 8. e4
fxe4 9. dxe4 Nc6 10. b3 e5 11. Nd5 Bd8 12. Nxf6+ Bxf6 13. Be3 Qh5 14. Ne1 Qxd1
15. Rxd1 b6 16. Nc2 1/2-1/2

[Event "4NCL Division 2a"]
[Site "Hinckley Island ENG"]
[Date "2015.01.11"]
[Round "4.99"]
[White "Horton, Jamie A"]
[Black "Lemoir, David"]
[Result "1/2-1/2"]
[WhiteElo "2041"]
[BlackElo "2115"]
[PlyCount "32"]
[EventDate "2015.01.11"]

1. e4 e5 2. Nf3 Nc6 3. Bc4 Nf6 4. d3 Be7 5. c3 O-O 6. Bb3 d5 7. Qe2 dxe4 8.
dxe4 Bc5 9. Nbd2 Qe7 10. h3 a5 11. a4 Nh5 12. Nc4 Nf4 13. Bxf4 exf4 14. O-O Be6
15. Bc2 Bxc4 16. Qxc4 Ne5 1/2-1/2

[Event "4NCL Division 2a"]
[Site "Hinckley Island ENG"]
[Date "2015.01.11"]
[Round "4.99"]
[White "Gregory, Steve"]
[Black "Manton, Jacob"]
[Result "1-0"]
[WhiteElo "2056"]
[BlackElo "1874"]
[PlyCount "71"]
[EventDate "2015.01.11"]

1. e4 e6 2. f4 d5 3. e5 c5 4. Nf3 Nc6 5. g3 Qb6 6. Bh3 Bd7 7. d3 O-O-O 8. O-O
f5 9. c3 Nh6 10. Kh1 Be7 11. d4 c4 12. b3 Na5 13. Nfd2 Be8 14. Ba3 Qc7 15. Bg2
b5 16. h3 g6 17. Bxe7 Qxe7 18. a4 bxa4 19. bxc4 Qc7 20. cxd5 exd5 21. Na3 Bc6
22. Qe2 Nf7 23. Rfb1 Rhe8 24. Rb4 Re6 25. Rab1 Rd7 26. Qa6+ Kd8 27. Rb8+ Ke7
28. Rc8 Bb7 29. Rxc7 Rxa6 30. Rxd7+ Kxd7 31. Rb5 Ke6 32. c4 dxc4 33. Bxb7 Nxb7
34. d5+ Ke7 35. Rxb7+ Ke8 36. Ndxc4 1-0

[Event "4NCL Division 2a"]
[Site "Hinckley Island ENG"]
[Date "2015.01.11"]
[Round "4.99"]
[White "Kett, Timothy J"]
[Black "Pickard, Charles"]
[Result "1-0"]
[WhiteElo "2225"]
[BlackElo "2131"]
[PlyCount "71"]
[EventDate "2015.01.11"]

1. e4 c5 2. Nf3 e6 3. d3 Nc6 4. g3 g6 5. Bg2 Bg7 6. O-O Nge7 7. Nbd2 O-O 8. Re1
e5 9. c3 d6 10. a3 Rb8 11. b4 cxb4 12. axb4 b5 13. Nb3 d5 14. Nc5 a5 15. bxa5
Nxa5 16. Ba3 Re8 17. Qc2 dxe4 18. Nxe4 Nec6 19. Nd6 Re6 20. Nxc8 Rxc8 21. Bh3
Rf6 22. Bxc8 Rxf3 23. Bg4 Rxd3 24. Rad1 e4 25. Rxe4 Rxd1+ 26. Bxd1 Bxc3 27.
Qxc3 Qxd1+ 28. Re1 Qd8 29. Bb2 f6 30. Qf3 Kf7 31. Rd1 Qe7 32. Qd5+ Qe6 33. Qxb5
Nc4 34. Rc1 N4a5 35. Qd3 Nb7 36. Qd2 1-0

[Event "4NCL Division 2a"]
[Site "Hinckley Island ENG"]
[Date "2015.01.11"]
[Round "4.99"]
[White "Spencer, Carl J"]
[Black "Brown, Tom"]
[Result "1/2-1/2"]
[WhiteElo "2194"]
[BlackElo "2054"]
[PlyCount "76"]
[EventDate "2015.01.11"]

1. d4 Nf6 2. c4 c5 3. d5 e6 4. Nc3 exd5 5. cxd5 d6 6. e4 g6 7. Nf3 Bg7 8. h3
O-O 9. Bd3 Nh5 10. O-O a6 11. a4 Nd7 12. Bg5 Bf6 13. Be3 b6 14. Nd2 Rb8 15. Be2
Ng7 16. Qc2 Qc7 17. Bf4 Be5 18. Bh6 f5 19. exf5 Rxf5 20. Bg4 Rf8 21. Nf3 Bf4
22. Bxf4 Rxf4 23. Qd2 Rf8 24. Rfe1 Nf6 25. Bxc8 Rbxc8 26. Ng5 Rce8 27. Ne6 Nxe6
28. dxe6 Qe7 29. Rad1 d5 30. Nxd5 Nxd5 31. Qxd5 Qh4 32. a5 Rxf2 33. e7+ Kg7 34.
Qe5+ Qf6 35. Qxf6+ Rxf6 36. axb6 Rxb6 37. Rd8 Kf7 38. Rxe8 Kxe8 1/2-1/2

[Event "4NCL Division 2a"]
[Site "Hinckley Island ENG"]
[Date "2015.01.11"]
[Round "4.99"]
[White "Martin Perez, Javier"]
[Black "Beckett, Chris J"]
[Result "0-1"]
[WhiteElo "2031"]
[BlackElo "2151"]
[PlyCount "42"]
[EventDate "2015.01.11"]

1. e4 e6 2. d4 c5 3. Nf3 cxd4 4. Nxd4 Nf6 5. e5 Qa5+ 6. Nc3 Qxe5+ 7. Be2 Nc6 8.
Nf3 Qb8 9. Bg5 Be7 10. Qd2 d5 11. Bb5 O-O 12. O-O-O a6 13. Bf4 Bd6 14. Bxd6
Qxd6 15. Bd3 b5 16. Qg5 h6 17. Qh4 b4 18. Ne2 e5 19. Ng3 Qc5 20. Bf5 e4 21. Nd2
Nd4 0-1

[Event "4NCL Division 2a"]
[Site "Hinckley Island ENG"]
[Date "2015.01.11"]
[Round "4.99"]
[White "Bamber, Elaine"]
[Black "Morris, Gareth L"]
[Result "1/2-1/2"]
[WhiteElo "2096"]
[BlackElo "2070"]
[PlyCount "131"]
[EventDate "2015.01.11"]

1. e4 c5 2. b3 Nc6 3. Bb2 e5 4. Bc4 Nf6 5. Nc3 d6 6. d3 a6 7. a4 Be7 8. Nge2
O-O 9. O-O Kh8 10. f4 exf4 11. Nxf4 Ne5 12. Ncd5 b6 13. Nxf6 Bxf6 14. Nd5 Nf3+
15. Qxf3 Bxb2 16. Rad1 Rb8 17. Nf4 b5 18. axb5 axb5 19. Bd5 Kg8 20. Qg3 Be5 21.
Qf3 Qg5 22. Nh3 Qh6 23. Bxf7+ Kh8 24. Qh5 Bxh3 25. Qxh3 Bd4+ 26. Kh1 Qxh3 27.
gxh3 b4 28. Bd5 g6 29. Kg2 Kg7 30. h4 h5 31. Bc6 Rf6 32. Rxf6 Bxf6 33. Kg3 Rc8
34. Bd5 Rc7 35. Kh3 Ra7 36. Rg1 Ra2 37. Rg2 Bd4 38. e5 dxe5 39. Kg3 Ra1 40. Re2
Rf1 41. Bf3 Kf6 42. Bg2 Rf4 43. Bf3 Bg1 44. h3 Bd4 45. Re4 Kf5 46. Re2 g5 47.
Bxh5 gxh4+ 48. Kg2 Kg5 49. Bf3 Bc3 50. Be4 Rf7 51. Kh2 Rf1 52. Kg2 Rc1 53. Kf3
Be1 54. Bh7 Bg3 55. Ke4 Rf1 56. Bg8 Rf8 57. Be6 Rd8 58. Bd5 Rf8 59. Rg2 Rf1 60.
Be6 Kf6 61. Bg4 Rf4+ 62. Kd5 Rf2 63. Rxf2+ Bxf2 64. Ke4 Bd4 65. Bc8 Kg5 66. Bd7
1/2-1/2

[Event "4NCL Division 2a"]
[Site "Hinckley Island ENG"]
[Date "2015.01.11"]
[Round "4.99"]
[White "Spice, Alan P"]
[Black "Robertson, Stuart"]
[Result "1/2-1/2"]
[WhiteElo "2108"]
[BlackElo "2094"]
[PlyCount "60"]
[EventDate "2015.01.11"]

1. Nc3 d5 2. e4 d4 3. Nce2 c5 4. f4 Nc6 5. Ng3 Nf6 6. Bb5 Qc7 7. Nf3 Bg4 8.
Bxc6+ Qxc6 9. d3 h5 10. h3 Bxf3 11. Qxf3 e6 12. b3 Be7 13. O-O h4 14. Ne2 b5
15. a4 b4 16. Bd2 O-O-O 17. f5 Nd7 18. Qg4 Bf6 19. fxe6 Ne5 20. Qf4 fxe6 21.
Kh1 Rdf8 22. Ng1 g5 23. Qf2 g4 24. Qe2 Qe8 25. Bf4 gxh3 26. gxh3 Qg6 27. Nf3
Qh5 28. Ng1 Qg6 29. Qh2 Qh5 30. Qe2 Qg6 1/2-1/2

[Event "4NCL Division 2a"]
[Site "Hinckley Island ENG"]
[Date "2015.01.11"]
[Round "4.99"]
[White "Churm, Rohan M"]
[Black "Blackburn, Suzy G"]
[Result "1/2-1/2"]
[WhiteElo "2167"]
[BlackElo "1951"]
[PlyCount "79"]
[EventDate "2015.01.11"]

1. e4 e6 2. d4 d5 3. Nd2 Nf6 4. e5 Nfd7 5. Bd3 c5 6. c3 Nc6 7. Ne2 cxd4 8. cxd4
f6 9. exf6 Qxf6 10. Nf3 Bb4+ 11. Bd2 Bxd2+ 12. Qxd2 O-O 13. O-O e5 14. Nc3 e4
15. Nxd5 Qg6 16. Bc4 Kh8 17. Nh4 Qh5 18. g3 Nf6 19. Ne3 Bh3 20. Be2 Qf7 21.
Nhg2 Rad8 22. Nc2 Ne5 23. Qf4 Nd3 24. Qh4 Bxg2 25. Kxg2 Qc4 26. Rfc1 Nf4+ 27.
Qxf4 Qxe2 28. Qe3 Qh5 29. h3 Rd6 30. Qf4 Rfd8 31. Re1 Qb5 32. b3 e3 33. Qxe3
Qc6+ 34. Qf3 Qxc2 35. Rac1 Qd2 36. Qxb7 Qxd4 37. Rc7 Qd5+ 38. Qxd5 Rxd5 39.
Rxa7 R5d7 40. Rxd7 1/2-1/2

[Event "4NCL Division 2a"]
[Site "Hinckley Island ENG"]
[Date "2015.01.11"]
[Round "4.99"]
[White "Van Kemenade, Rudy"]
[Black "Gooding, Ian"]
[Result "1/2-1/2"]
[WhiteElo "1965"]
[BlackElo "2013"]
[PlyCount "59"]
[EventDate "2015.01.11"]

1. e4 e6 2. d3 d5 3. Qe2 Nf6 4. Nf3 Be7 5. g3 O-O 6. Bg2 c5 7. O-O Nc6 8. e5
Nd7 9. c4 b6 10. h4 dxc4 11. dxc4 Bb7 12. Nc3 Nd4 13. Nxd4 Bxg2 14. Kxg2 cxd4
15. Nb5 Nc5 16. b4 d3 17. Qf3 a6 18. Nd6 Nd7 19. Bb2 Nxe5 20. Bxe5 Bxd6 21. Bc3
Qe7 22. a3 Rac8 23. Qxd3 Qc7 24. Bd4 e5 25. Be3 Rfd8 26. Qe4 a5 27. c5 bxc5 28.
bxc5 Bxc5 29. Rac1 Qb6 30. Qxe5 1/2-1/2

[Event "4NCL Division 2a"]
[Site "Hinckley Island ENG"]
[Date "2015.01.11"]
[Round "4.99"]
[White "Gordon-Brown, Alexander J"]
[Black "Rodriguez, Juan Talavera"]
[Result "1-0"]
[WhiteElo "2021"]
[BlackElo "1967"]
[PlyCount "185"]
[EventDate "2015.01.11"]

1. d4 Nf6 2. c4 e6 3. Nc3 Bb4 4. Nf3 c5 5. e3 Ne4 6. Qc2 f5 7. Bd3 cxd4 8. exd4
Nxc3 9. bxc3 Be7 10. c5 b6 11. cxb6 axb6 12. Ne5 Bb7 13. O-O Nc6 14. Nc4 b5 15.
Ne3 b4 16. d5 Ne5 17. dxe6 Nxd3 18. Qxd3 dxe6 19. Qb5+ Qd7 20. Qxd7+ Kxd7 21.
Rd1+ Ke8 22. cxb4 Bf6 23. Rb1 Rxa2 24. Nc4 Ke7 25. Be3 Bd5 26. Bc5+ Kf7 27.
Nd6+ Kg6 28. b5 Rc2 29. Rdc1 Rxc1+ 30. Rxc1 Rb8 31. Rb1 Be7 32. b6 Rd8 33. Nb7
Bxb7 34. Bxe7 Rd2 35. f3 Kf7 36. Bb4 Rd7 37. Bc3 Ke8 38. Be5 Kd8 39. Bc7+ Rxc7
40. bxc7+ Kxc7 41. Kf2 Bc6 42. Ke3 Kd6 43. g3 Ke5 44. Rc1 Bd5 45. Rc8 Kf6 46.
Rh8 h6 47. f4 Bg2 48. Kd4 Be4 49. h4 Bc2 50. Rf8+ Ke7 51. Rc8 Bb3 52. Ke5 Kf7
53. Rc7+ Kf8 54. Kd6 Ba2 55. Re7 Bb3 56. Rxe6 Kf7 57. Re7+ Kf6 58. Re8 Kf7 59.
Rb8 Bc2 60. Ke5 Bd3 61. Rb7+ Kf8 62. Ke6 Kg8 63. Rb8+ Kh7 64. Rf8 Kg6 65. Ke5
Bc2 66. Rg8 Be4 67. h5+ Kf7 68. Rc8 Bd3 69. Rc7+ Kg8 70. Ke6 Be2 71. Kxf5 Bxh5
72. g4 Bf7 73. g5 hxg5 74. fxg5 Ba2 75. Rc8+ Kf7 76. g6+ Ke7 77. Rc7+ Kf8 78.
Ke5 Bb1 79. Rc6 Ke7 80. Re6+ Kf8 81. Rb6 Bc2 82. Kf4 Bd3 83. Ke3 Bc2 84. Kf4
Ke7 85. Kg5 Be4 86. Rb2 Bd5 87. Re2+ Kf8 88. Rf2+ Ke7 89. Kf5 Bc4 90. Ke5 Bb3
91. Rb2 Bd1 92. Rb7+ Kf8 93. Kd6 1-0

[Event "4NCL Division 2a"]
[Site "Hinckley Island ENG"]
[Date "2015.01.11"]
[Round "4.99"]
[White "Sathyanandha, Saravanan"]
[Black "Graham, David B"]
[Result "1/2-1/2"]
[WhiteElo "2175"]
[BlackElo "2131"]
[PlyCount "131"]
[EventDate "2015.01.11"]

1. e4 e6 2. d4 d5 3. e5 c5 4. c3 Nc6 5. Nf3 Qb6 6. a3 f6 7. Bd3 c4 8. Bc2 fxe5
9. dxe5 Bc5 10. O-O Nge7 11. Nbd2 Qc7 12. b4 Bb6 13. Qe2 Ng6 14. Bxg6+ hxg6 15.
b5 Ne7 16. Nd4 Bd7 17. a4 Bxd4 18. cxd4 Nf5 19. Nf3 a6 20. Ba3 axb5 21. g4 Ne7
22. axb5 Bxb5 23. Bd6 Qd8 24. Rxa8 Qxa8 25. Qb2 Ba6 26. Bxe7 Kxe7 27. Qb4+ Ke8
28. Qd6 Qc8 29. Ng5 Rh4 30. f3 Qd7 31. Qb8+ Qd8 32. Qxd8+ Kxd8 33. Nxe6+ Kd7
34. Nf8+ Kc6 35. Nxg6 Rh6 36. Ne7+ Kd7 37. Nxd5 b5 38. Nb4 Bc8 39. Ra1 Kc7 40.
Kg2 Kb6 41. Kg3 g5 42. Nd5+ Kc6 43. Ne7+ Kb7 44. Rb1 Bd7 45. Ng8 Rb6 46. Nf6
Kc8 47. Nd5 Ra6 48. Nc3 Rb6 49. Nd5 Ra6 50. h4 gxh4+ 51. Kxh4 Kd8 52. f4 Ra2
53. Nc3 Rd2 54. Nxb5 Bxb5 55. Rxb5 Rxd4 56. f5 Kc7 57. Rc5+ Kb6 58. Rc8 Kb7 59.
Rxc4 Rxc4 60. f6 Kc6 61. Kg5 Kd7 62. Kf5 Rc1 63. e6+ Ke8 64. g5 Rf1+ 65. Kg6
Kf8 66. e7+ 1/2-1/2

[Event "4NCL Division 2a"]
[Site "Hinckley Island ENG"]
[Date "2015.01.11"]
[Round "4.99"]
[White "Salimbeni, George"]
[Black "Green, Andrew D"]
[Result "1/2-1/2"]
[WhiteElo "2145"]
[BlackElo "2150"]
[PlyCount "78"]
[EventDate "2015.01.11"]

1. e4 c5 2. Nc3 a6 3. g3 b5 4. Bg2 Bb7 5. a3 e6 6. Nge2 Nf6 7. d3 d6 8. O-O Qc7
9. h3 Be7 10. g4 h6 11. Ng3 Nc6 12. f4 Nd4 13. Nce2 g6 14. c3 Nxe2+ 15. Qxe2 d5
16. Be3 dxe4 17. dxe4 c4 18. Bd4 Bc5 19. e5 Bxg2 20. Kxg2 Nd5 21. Ne4 Be7 22.
Qf3 Rg8 23. a4 Kd7 24. Kh2 g5 25. axb5 gxf4 26. Rxa6 Rxa6 27. bxa6 Qa5 28. a7
Qa2 29. Qe2 Kc6 30. Nd2 Qxb2 31. Qxc4+ Kd7 32. Qa4+ Kc7 33. a8=Q Rxa8 34. Qxa8
Qxd2+ 35. Rf2 Qd3 36. Qa7+ Kc8 37. Qa8+ Kc7 38. Qa7+ Kc8 39. Qa8+ Kc7 1/2-1/2

[Event "4NCL Division 2a"]
[Site "Hinckley Island ENG"]
[Date "2015.01.11"]
[Round "4.99"]
[White "Jones, William EG"]
[Black "Grant, David J"]
[Result "1-0"]
[WhiteElo "2104"]
[BlackElo "2095"]
[PlyCount "51"]
[EventDate "2015.01.11"]

1. e4 c5 2. Nf3 d6 3. d4 cxd4 4. Nxd4 Nf6 5. Nc3 Nc6 6. Bg5 Bd7 7. Qd2 Rc8 8.
f4 e6 9. Ndb5 Nb4 10. e5 dxe5 11. fxe5 h6 12. exf6 hxg5 13. fxg7 Bxg7 14. Nd6+
Ke7 15. Nxc8+ Qxc8 16. O-O-O Rh4 17. a3 Rd4 18. Qxg5+ Bf6 19. Qe3 Rg4 20. h4
Nxc2 21. Rxd7+ Qxd7 22. Qc5+ Kd8 23. Kxc2 b6 24. Qf8+ Kc7 25. Nb5+ Kb7 26. Qxf7
1-0

[Event "4NCL Division 2a"]
[Site "Hinckley Island ENG"]
[Date "2015.01.11"]
[Round "4.99"]
[White "Bucher, Grant W"]
[Black "Lunn, Matthew"]
[Result "1-0"]
[WhiteElo "2077"]
[BlackElo "2046"]
[PlyCount "77"]
[EventDate "2015.01.11"]

1. e4 c5 2. f4 g6 3. Nf3 Bg7 4. Nc3 Nc6 5. Bb5 Nd4 6. O-O a6 7. Be2 d6 8. a4
Nf6 9. d3 O-O 10. Nxd4 cxd4 11. Nb1 Nd7 12. f5 Rb8 13. Nd2 b5 14. axb5 axb5 15.
Nf3 Bb7 16. fxg6 hxg6 17. Qe1 Bf6 18. Bg5 Kg7 19. Bxf6+ Nxf6 20. Nxd4 Qb6 21.
Qf2 Bc8 22. Ra8 Qb7 23. Ra7 Qxa7 24. Nf5+ gxf5 25. Qxa7 Rb7 26. Qe3 Rg8 27.
exf5 Kf8 28. Ra1 Rc7 29. c3 Bxf5 30. Ra8+ Rc8 31. Ra7 Nd5 32. Qd4 Be6 33. Bf3
Nf6 34. Qb6 Bd5 35. Bxd5 Nxd5 36. Qb7 Rc5 37. Ra8+ Kg7 38. Rxg8+ Kxg8 39. d4
1-0

[Event "4NCL Division 2a"]
[Site "Hinckley Island ENG"]
[Date "2015.01.11"]
[Round "4.99"]
[White "Ganesan, Arasu"]
[Black "Jones, Chris"]
[Result "1-0"]
[WhiteElo "2073"]
[BlackElo "2042"]
[PlyCount "103"]
[EventDate "2015.01.11"]

1. d4 e6 2. Nf3 Nf6 3. c4 Bb4+ 4. Bd2 Qe7 5. g3 O-O 6. Bg2 Bxd2+ 7. Qxd2 Ne4 8.
Qc2 f5 9. O-O d6 10. Nc3 Nxc3 11. Qxc3 Nd7 12. Rac1 e5 13. c5 e4 14. Nd2 dxc5
15. dxc5 c6 16. f3 Nf6 17. fxe4 fxe4 18. Nxe4 Nxe4 19. Qc4+ Be6 20. Qxe4 Rxf1+
21. Bxf1 Qf7 22. a3 Rf8 23. Qd4 Qh5 24. e4 Qg5 25. Rd1 h5 26. e5 h4 27. Bc4 Bd5
28. Bxd5+ cxd5 29. Qd2 Qxd2 30. Rxd2 hxg3 31. hxg3 Rd8 32. Kf2 Kf7 33. Ke3 Ke6
34. Kd4 Rf8 35. Rd3 Rf2 36. Rb3 Rf7 37. a4 Rc7 38. a5 Rd7 39. a6 bxa6 40. Ra3
Rb7 41. Rxa6+ Kf5 42. Kxd5 Rxb2 43. c6 Rd2+ 44. Kc5 Kxe5 45. Rxa7 Rc2+ 46. Kb6
g5 47. Re7+ Kd6 48. Rd7+ Ke6 49. Rd3 Rc1 50. c7 Ke7 51. Rd8 Rb1+ 52. Ka5 1-0

[Event "4NCL Division 2a"]
[Site "Hinckley Island ENG"]
[Date "2015.01.11"]
[Round "4.99"]
[White "Hoare, Amy B"]
[Black "Maguire, Robert"]
[Result "1-0"]
[WhiteElo "2041"]
[BlackElo "1968"]
[PlyCount "77"]
[EventDate "2015.01.11"]

1. e4 e5 2. Bc4 Nf6 3. d3 c6 4. Nf3 d5 5. Bb3 Bb4+ 6. c3 Bd6 7. exd5 cxd5 8.
Bg5 Be6 9. O-O Nbd7 10. Re1 Qc7 11. Nbd2 h6 12. Bh4 g5 13. Bg3 g4 14. Nh4 Nh5
15. c4 d4 16. c5 Nxc5 17. Bxe6 Nxe6 18. Qxg4 Nxg3 19. hxg3 h5 20. Qf5 Rc8 21.
Nc4 Qe7 22. Rac1 Rxc4 23. Rxc4 Kd7 24. Qf3 Nd8 25. Nf5 Qf6 26. Qe4 Nc6 27. Nxd6
Qxd6 28. b4 a6 29. a4 f6 30. Qg6 Ke6 31. f4 b5 32. f5+ Kd7 33. Qg7+ Ne7 34.
axb5 Rg8 35. Qf7 axb5 36. Rc5 Rxg3 37. Ra1 Qb6 38. Rd5+ Kc6 39. Qe6+ 1-0

[Event "4NCL Division 2a"]
[Site "Hinckley Island ENG"]
[Date "2015.01.11"]
[Round "4.99"]
[White "Giles, Yasmin"]
[Black "Willson, Ollie"]
[Result "0-1"]
[WhiteElo "1838"]
[BlackElo "1874"]
[PlyCount "91"]
[EventDate "2015.01.11"]

1. e4 c5 2. Nc3 e6 3. f4 Nc6 4. Bb5 Qc7 5. d3 a6 6. Bxc6 Qxc6 7. Nf3 Nf6 8. b3
Be7 9. O-O O-O 10. Qe1 b5 11. e5 Nd5 12. Ne4 Bb7 13. Qg3 f5 14. Neg5 c4 15. d4
Nc3 16. Rf2 h6 17. Nh4 Ne4 18. Nxe4 Qxe4 19. Bb2 Bxh4 20. Qxh4 Rac8 21. bxc4
Rxc4 22. c3 a5 23. Qe7 Bc6 24. Ba3 b4 25. cxb4 Qxd4 26. Bb2 Qd5 27. bxa5 Rxf4
28. Raf1 Rg4 29. Rf3 Qd2 30. R1f2 Qe1+ 31. Rf1 Qxa5 32. Rg3 Rxg3 33. hxg3 Qb6+
34. Rf2 Ra8 35. Ba3 Qe3 36. Bc5 Qxg3 37. Qd6 Qc3 38. Kh2 Qc4 39. a3 Qh4+ 40.
Kg1 Qe4 41. Rf3 Qe1+ 42. Rf1 Qg3 43. Rf2 Ra5 44. Rb2 Rb5 45. Bb4 Rd5 46. Qf8+
0-1

[Event "4NCL Division 2a"]
[Site "Hinckley Island ENG"]
[Date "2015.01.11"]
[Round "4.99"]
[White "Martin, Andrew"]
[Black "Meek, Stephen"]
[Result "1-0"]
[WhiteElo "2375"]
[BlackElo "1977"]
[PlyCount "85"]
[EventDate "2015.01.11"]

1. Nf3 Nf6 2. d4 g6 3. c4 Bg7 4. Nc3 O-O 5. e4 d6 6. Be2 e5 7. O-O Nc6 8. d5
Ne7 9. Ne1 Nd7 10. f3 f5 11. g4 Nf6 12. Ng2 Kh8 13. Be3 b6 14. h4 a5 15. Rc1
Bd7 16. Rc2 Qc8 17. exf5 gxf5 18. g5 Nh5 19. f4 Ng3 20. Rf3 Nxe2+ 21. Nxe2 e4
22. Rh3 Qe8 23. Ng3 Qf7 24. Nh5 Be8 25. Nxg7 Kxg7 26. h5 Rg8 27. Bd4+ Kf8 28.
Ne3 Bd7 29. Rg2 Ke8 30. Rhg3 Kd8 31. b3 Be8 32. Rh3 Kc8 33. Bc3 Kb7 34. Qd4 Bd7
35. a3 Ra7 36. Qf6 Be8 37. Qxf7 Bxf7 38. g6 hxg6 39. Bf6 gxh5 40. Bxe7 Raa8 41.
Nxf5 Rg4 42. Rxg4 hxg4 43. Rg3 1-0

[Event "4NCL Division 2a"]
[Site "Hinckley Island ENG"]
[Date "2015.01.11"]
[Round "4.99"]
[White "Padilla Cabero, Pablo"]
[Black "Wall, Gavin"]
[Result "0-1"]
[WhiteElo "2150"]
[BlackElo "2321"]
[PlyCount "64"]
[EventDate "2015.01.11"]

1. e4 e5 2. Nc3 Nc6 3. g3 Bc5 4. Bg2 Nge7 5. Nge2 O-O 6. O-O a6 7. Nd5 d6 8. h3
f5 9. d3 Nxd5 10. exd5 Nd4 11. Kh2 f4 12. b4 f3 13. Ng1 fxg2 14. Kxg2 Bxb4 15.
Rb1 Bc3 16. Bd2 Bxd2 17. Qxd2 Qd7 18. f3 Qf7 19. c4 b6 20. f4 Qg6 21. fxe5 Rxf1
22. Rxf1 dxe5 23. Qe3 Qd6 24. Qf2 Bf5 25. Qe3 Re8 26. g4 Bg6 27. Rf2 Qa3 28.
Rd2 Qc1 29. h4 e4 30. h5 exd3 31. Qg5 Be4+ 32. Kh2 Qxg1+ 0-1

[Event "4NCL Division 2a"]
[Site "Hinckley Island ENG"]
[Date "2015.01.11"]
[Round "4.99"]
[White "Povah, Nigel"]
[Black "Girdlestone, Paul"]
[Result "1-0"]
[WhiteElo "2324"]
[BlackElo "2137"]
[PlyCount "47"]
[EventDate "2015.01.11"]

1. d4 Nf6 2. Bg5 Ne4 3. Bf4 d5 4. f3 Nf6 5. Nc3 e6 6. e4 Bb4 7. Bg5 Nc6 8. e5
h6 9. Be3 Ng8 10. Qd2 f5 11. O-O-O Bd7 12. a3 Ba5 13. g4 Nce7 14. Bd3 c6 15.
Qg2 g6 16. Nge2 Qc7 17. b4 Bb6 18. h4 O-O-O 19. gxf5 exf5 20. Nf4 Rf8 21. Nce2
Rh7 22. Nxg6 Nxg6 23. Qxg6 Be8 24. Bxf5+ 1-0

[Event "4NCL Division 2a"]
[Site "Hinckley Island ENG"]
[Date "2015.01.11"]
[Round "4.99"]
[White "Headlong, Tim"]
[Black "Buckley, Graeme"]
[Result "0-1"]
[WhiteElo "2164"]
[BlackElo "2339"]
[PlyCount "118"]
[EventDate "2015.01.11"]

1. Nf3 Nf6 2. c4 g6 3. Nc3 Bg7 4. e4 d6 5. d4 O-O 6. Be2 e5 7. d5 Na6 8. Qc2
Nh5 9. g3 Nf6 10. a3 c5 11. h3 Nh5 12. Nd2 Nc7 13. Qd1 Nf6 14. Nf1 Nfe8 15. g4
a6 16. a4 Rb8 17. a5 b5 18. axb6 Rxb6 19. Ng3 Qh4 20. Ra2 Bd7 21. Be3 Bh6 22.
Qd2 Bxe3 23. Qxe3 Ng7 24. Kd2 Kh8 25. Kc1 f5 26. gxf5 gxf5 27. exf5 Nxf5 28.
Nxf5 Bxf5 29. Nd1 Ne8 30. Ra3 Bg6 31. Rg1 Ng7 32. Rg4 Qf6 33. Qd2 Nf5 34. Bd3
Bh5 35. Bxf5 Qxf5 36. Rg5 Qf7 37. Rag3 Rb4 38. Ne3 Bg6 39. Rxg6 hxg6 40. Nc2
Kg7 41. Nxb4 cxb4 42. Qxb4 Qxf2 43. Rd3 e4 44. Qc3+ Kh7 45. Rd1 e3 46. Re1 e2
47. Qd2 Re8 48. Kc2 Re4 49. b3 Re3 50. h4 Qf5+ 51. Kb2 Qf6+ 52. Kc2 Qxh4 53.
Qxe3 Qxe1 54. Qh3+ Kg7 55. Qd7+ Kh6 56. Qh3+ Kg5 57. Qe3+ Kg4 58. Qe4+ Kh3 59.
Qe6+ Kh2 0-1

[Event "4NCL Division 2a"]
[Site "Hinckley Island ENG"]
[Date "2015.01.11"]
[Round "4.99"]
[White "Kalaiyalahan, Akshaya"]
[Black "Hackett, Dave"]
[Result "1/2-1/2"]
[WhiteElo "2092"]
[BlackElo "2116"]
[PlyCount "64"]
[EventDate "2015.01.11"]

1. d4 Nf6 2. Nf3 g6 3. g3 Bg7 4. Bg2 O-O 5. c4 Nc6 6. O-O d6 7. Nc3 e5 8. d5
Ne7 9. e4 Ne8 10. Ne1 f5 11. Nd3 Nf6 12. f3 c5 13. a4 Nh5 14. a5 f4 15. g4 Nf6
16. h3 g5 17. Qe2 Ng6 18. Bd2 h5 19. Nd1 Rb8 20. b4 b6 21. axb6 axb6 22. Ra7
Rf7 23. Rxf7 Kxf7 24. Nc3 Bd7 25. Ra1 Ra8 26. Qd1 hxg4 27. hxg4 Qc8 28. Rxa8
Qxa8 29. b5 Bf8 30. Qa4 Qb7 31. Qa6 Bc8 32. Qxb7+ Bxb7 1/2-1/2

[Event "4NCL Division 2a"]
[Site "Hinckley Island ENG"]
[Date "2015.01.11"]
[Round "4.99"]
[White "Whatley, Stephen"]
[Black "Granat, Russell"]
[Result "1/2-1/2"]
[WhiteElo "1949"]
[BlackElo "2196"]
[PlyCount "54"]
[EventDate "2015.01.11"]

1. d4 d5 2. c4 Bf5 3. cxd5 Bxb1 4. Qa4+ c6 5. Rxb1 Qxd5 6. Nf3 Nd7 7. a3 Ngf6
8. e3 e6 9. Qc2 Qh5 10. Bd3 Bd6 11. e4 e5 12. dxe5 Nxe5 13. Nxe5 Qxe5 14. g3
O-O 15. f4 Qd4 16. e5 Rfe8 17. b4 Bc7 18. Bb2 Qd5 19. Kd2 Ng4 20. Kc3 Nxe5 21.
Bxh7+ Kh8 22. Be4 Qc4+ 23. Kd2 Rad8+ 24. Kc1 Qxc2+ 25. Bxc2 Nc4 26. Bb3 Nxb2
27. Rxb2 Kg8 1/2-1/2